A visit to Colombia, in the years 1822 & 1823, by La Guayra and Caracs, over the cordillera to Bogota, and thence by the Magdalena to Cartagena. By Col. WM. Duane, of Philada

Bewaard in:
Bibliografische gegevens
Hoofdauteur: Duane, W.M (Auteur)
Formaat: Boek
Taal:Engels
Gepubliceerd in: Filadelfia Thomas H. Palmer 1826
Editie:1a. ed
Onderwerpen:
Tags: Voeg label toe
Geen labels, Wees de eerste die dit record labelt!

MARC

LEADER 00000nam a2200000 a 4500
001 UCJ5569
003 CL-VaPUC
008 070124e18260000US |||||||||||||||||eng|d
082 0 4 |a 910.4  |b DUA  |2 21 
100 0 |a Duane, W.M.  |e author  |9 510878 
245 1 2 |a A visit to Colombia, in the years 1822 & 1823, by La Guayra and Caracs, over the cordillera to Bogota, and thence by the Magdalena to Cartagena. By Col. WM. Duane, of Philada 
250 |a 1a. ed 
300 |a vii, 632 p 
942 |c BK 
945 |d 20070124 00:00:00  |a rinostro 
260 |a Filadelfia  |b Thomas H. Palmer  |c 1826 
500 |a La ubicación de las dos láminas está alterada 
600 0 |a Bolívar, Simón   |d 1783-1830  |9 265422 
650 0 |a Viajes  |9 257115 
650 0 |a Geografía  |9 259346 
650 0 |a Historia  |9 255047 
650 0 |a Cultura  |9 269059 
650 7 |a FLORA  |2 CL-VaPUC  |9 264745 
650 7 |a FAUNA  |2 CL-VaPUC  |9 349523 
650 0 |a Recursos naturales  |9 255232 
650 7 |a INSTITUCIONES  |2 CL-VaPUC  |9 329701 
650 0 |a Iglesia Católica  |9 256114 
650 7 |a TRADICIONES  |2 CL-VaPUC  |9 367367 
650 7 |a FOLKLORE  |2 CL-VaPUC  |9 268291 
650 0 |a Aborígenes  |9 329972 
650 0 |a Ilustraciones  |9 369481 
651 0 |a Colombia  |9 256424 
583 |a last modification  |c 20070124 00:00:00  |k Rodrigo Vera 
999 |c 321678  |d 321676 
952 |0 0  |1 0  |4 0  |6 910_400000000000000_DUA_1826  |7 0  |8 X  |9 400490  |a FDOBUD  |b FDOBUD  |d 2019-11-22  |i 1036483  |o 910.4 DUA 1826  |p 1036483  |r 2019-11-22  |w 2019-11-22  |y BK_X  |k BUD